000 00477nam a22001697a 4500
020 _a9789385528439
082 _a809.892 0694
_bBEE/C
100 _aBeena Agarwal
_947696
100 _aNeeta
_947697
245 _aContextualizing dalit consciouness in Indian English literature/
_cby Beena Agarwal and Neeta
250 _a2nd.
260 _aJaipur:
_bYking Books,
_c2016.
300 _a240p.
650 _aDalit Literature
_947698
650 _aLiterature
_947699
942 _cBK
999 _c71857
_d71857